000 00392nam a22001697a 4500
003 MPLRDC
005 20220104124308.0
008 210129b ||||| |||| 00| 0 eng d
082 _a805.1 LS
100 _a罗斯编著
245 _a妙语连珠
_c
250 _a重印
260 _a
_b商务印书馆
_c1979
300 _b
650 _a英语; 英国语言
942 _cBK
_o805.1 LS
999 _c18196
_d18186